000 00628nam a2200169Ia 4500
008 090711s9999 xx 000 0 und d
082 _b9790
100 _aकोल्हटकर अSयुत
245 _aमराठी साहित्य दर्शन (पुष्प 9)
260 _c1961
300 _a120
600 _aकोल्हटकर अSयुत
630 _aमराठी साहित्य दर्शन (पुष्प 9)
700 _aकोल्हटकर अSयुत
730 _aमराठी साहित्य दर्शन (पुष्प 9)
942 _cBOOK
999 _c315369
_d315369